[Event "Kazan-ch op 85th"]
[Site "Kazan"]
[Date "2008.12.03"]
[Round "9"]
[White "Muravev, Konstantin"]
[Black "Zakirov, Daniil"]
[Result "1-0"]
[WhiteElo "2185"]
[BlackElo "1916"]
[PlyCount "51"]
[EventDate "2008.11.22"]
[EventType "swiss"]
[EventRounds "11"]
[EventCountry "RUS"]
[SourceTitle "EXT 2022"]
[Source "ChessBase"]
[SourceDate "2021.10.06"]
[SourceVersion "1"]
[SourceVersionDate "2021.10.06"]
[SourceQuality "1"]

1. c4 c5 2. Nc3 Nc6 3. Nf3 e6 4. g3 Nge7 5. Bg2 d5 6. cxd5 Nxd5 7. 0-0 Be7 8. d4 Nxc3 9. bxc3 0-0 10. Rb1 Qa5 11. Qc2 Rd8 12. Rd1 Bf6 13. Bg5 cxd4 14. Bxf6 gxf6 15. cxd4 Rd6 16. a4 Qd8 17. e3 a6 18. Nd2 Na5 19. Ne4 Rc6 20. Qe2 Rc7 21. Qg4+ Kh8 22. Qf4 Rc4 23. Nxf6 Qf8 24. Rdc1 Ra7 25. Rxc4 Nxc4 26. Qb8 1-0

[Event "Kazan-ch op 85th"]
[Site "Kazan"]
[Date "2008.11.25"]
[Round "3"]
[White "Muravev, Konstantin"]
[Black "Kamov, Igor"]
[Result "0-1"]
[WhiteElo "2185"]
[BlackElo "2260"]
[PlyCount "66"]
[EventDate "2008.11.22"]
[EventType "swiss"]
[EventRounds "11"]
[EventCountry "RUS"]
[SourceTitle "EXT 2022"]
[Source "ChessBase"]
[SourceDate "2021.10.06"]
[SourceVersion "1"]
[SourceVersionDate "2021.10.06"]
[SourceQuality "1"]

1. d4 Nf6 2. c4 c5 3. d5 e6 4. Nc3 exd5 5. cxd5 d6 6. g3 g6 7. Bg2 Bg7 8. Nf3 0-0 9. 0-0 Re8 10. Nd2 a6 11. a4 Nbd7 12. Nc4 Nb6 13. Nxb6 Qxb6 14. h3 Qc7 15. Bf4 Bd7 16. e4 Nh5 17. Be3 b5 18. axb5 axb5 19. Rxa8 Rxa8 20. g4 b4 21. Ne2 Nf6 22. e5 Ne8 23. e6 Bb5 24. Re1 Bxb2 25. Qc2 Ra1 26. Rxa1 Bxa1 27. exf7+ Qxf7 28. Nf4 Be5 29. Ne6 Qa7 30. Be4 Qa1+ 31. Bc1 b3 32. Qb1 b2 33. Bg5 Bc4 0-1